书目信息 |
| 书名: | 化学—今天和明天 | |
| 作者: | 斯维多夫著. | |
| 分册号: | ||
| 分册名: | 出版地: | 明斯克 : |
|
| 出版社: | 大学出版社 | |
| 出版时间: | 1987. | |
| 页数: | 126 p. ; | |
| 开本: | 20cm. | |
| 丛书名: | ||
| 中图分类号: | ||
| 科图分类号: | ||
| 其他分类号: | O6-1 | |
| 主题词: | ||
| 电子资源: | ||
| 000 | 00414nam 2200169 a 4500 | |
| 001 | E0733238518 | |
| 005 | 20070801091916.32 | |
| 008 | 070801s1987 00010 eng | |
| 020 | @cCNY1.42. | |
| 040 | @aPFT@bchi | |
| 041 | @achi@hrus | |
| 090 | @aO6-1 | |
| 099 | @dO6-1@ex71 | |
| 245 | 1 | @a化学—今天和明天 / @c斯维多夫著. |
| 260 | @a明斯克 :@b大学出版社,@c1987. | |
| 300 | @a126 p. ;@c20cm. | |
| 650 | @a化学@x现壮和发展 | |
| 化学—今天和明天 / / 斯维多夫著.-明斯克 : : 大学出版社, , 1987. |
| 126 p. ; ; 20cm. |
| ISBN CNY1.42. |
| ● |
| 相关链接 |
|
|
|
|
正题名:化学—今天和明天
索取号:O6-1/x71
 
预约/预借
| 序号 | 登录号 | 条形码 | 馆藏地/架位号 | 状态 | 备注 |
| 1 | 14872 | 300148720 | 第二样本阅览室/ [索取号:O6-1/x71] | 在馆 | |
| 2 | 14873 | 300148739 | 密集书库/ [索取号:O6-1/x71] | 在馆 | |
| 3 | 14874 | 300148748 | 第四借阅区/ [索取号:O6-1/x71] | 在馆 |